000
00296nam a22001337a 4500
008
170130b xxu||||| |||| 00| 0 eng d
020
_a
1879091208
041
_a
eng
080
_2
2ND
_a
61
100
_a
3
101
_a
SHMI
245
_a
JOSLIN'S DIABETES DESKBOOK
_c
BEASER, R.S
942
_2
udc
_c
BK
999
_c
3997
_d
3997